000 00341nam a22001457a 4500
008 210303b ||||| |||| 00| 0 eng d
020 _a2900195392875
041 _aeng
080 _22nd
_a572
082 _a572
100 _a24
101 _aANT
245 _aAnthropology What Does it Mean to be Human?
_cLavenda, R. H
942 _2udc
_cBK
999 _c55574
_d55574